Objektová knihovna Turbo Vision. Referenční příručka I.,II.,III /

Gespeichert in:
Bibliographische Detailangaben
1. Verfasser: Grubenhoffer, Jindřich (Verfasst von)
Format: Buch
Sprache:Tschechisch
Veröffentlicht: Praha : GComp, 1991
Tags: Tag hinzufügen
Keine Tags, Fügen Sie das erste Tag hinzu!

MARC

LEADER 00000nam a22000003a 4500
001 stu32091
005 20150617225732.1
008 950320s1991----cs------------------cze-d
020 |a 80-900744-4-8 
040 |a STU  |b slo 
041 0 |a cze 
044 |a cs 
080 |a 681.3.066 
100 1 |a Grubenhoffer, Jindřich  |4 aut 
245 1 |a Objektová knihovna Turbo Vision. Referenční příručka I.,II.,III /  |c [aut.] Grubenhoffer,Jindřich a kol 
260 |a Praha :  |b GComp,  |c 1991 
300 |a 86,116,109 s 
996 |b J88404  |c J*88404  |l JJK18  |s P  |a 0  |w stu32091_0001 
996 |b J88405  |c J*88405  |l JJK18  |s P  |a 0  |w stu32091_0002 
996 |b J88406  |c J*88406  |l JJK18  |s P  |a 0  |w stu32091_0003